Educación y cultura en Nueva Guinea (Record no. 16317)

MARC details
000 -LEADER
campo de control de longitud fija 00748nam a2200229 i 4500
001 - NÚMERO DE CONTROL
campo de control 16317
003 - IDENTIFICADOR DE NÚMERO DE CONTROL
campo de control ES-MaACL
005 - FECHA Y HORA DE LA ÚLTIMA TRANSACCIÓN
campo de control 20230906151306.0
007 - CAMPO FIJO DE DESCRIPCIÓN FÍSICA--INFORMACIÓN GENERAL
campo de control de longitud fija t|
008 - DATOS DE LONGITUD FIJA--INFORMACIÓN GENERAL
campo de control de longitud fija 000828s1999 sp ||||1| spa d
020 ## - NÚMERO INTERNACIONAL ESTÁNDAR DEL LIBRO
Número Internacional Estándar del Libro 84-7509-327-2
080 ## - NÚMERO DE LA CLASIFICACIÓN DECIMAL UNIVERSAL
Número de la Clasificación Decimal Universal 39(954)
100 1# - ENTRADA PRINCIPAL--NOMBRE DE PERSONA
Nombre de persona Mead, Margaret.
9 (RLIN) 79621
245 10 - MENCIÓN DEL TÍTULO
Título Educación y cultura en Nueva Guinea
Resto del título : estudio comparativo de la educación entre los pueblos primitivos /
Mención de responsabilidad, etc. Margaret Mead.
260 ## - PUBLICACIÓN, DISTRIBUCIÓN, ETC.
Lugar de publicación, distribución, etc. Barcelona :
Nombre del editor, distribuidor, etc. Paidós Ibérica,
Fecha de publicación, distribución, etc. 1999.
300 ## - DESCRIPCIÓN FÍSICA
Extensión 282 p. ;
Dimensiones 22 cm.
490 1# - MENCIÓN DE SERIE
Mención de serie Paidós básica ;
Designación de volumen o secuencia 26
650 #4 - PUNTO DE ACCESO ADICIONAL DE MATERIA--TÉRMINO DE MATERIA
Término de materia o nombre geográfico como elemento de entrada Antropología cultural y social-
Subdivisión geográfica Nueva Guinea.
9 (RLIN) 9884
830 0# - PUNTO DE ACCESO ADICIONAL DE SERIE-TÍTULO UNIFORME
Título uniforme Paidós básica ;
Designación de volumen o secuencia 26
9 (RLIN) 178397
852 ## - LOCALIZACIÓN
Ubicación ES-MaACL
Número de control de estantería L-23589
Sublocalización o colección R.128685
Holdings
Estatus retirado Estado de pérdida Estado de daño No para préstamo Biblioteca de origen Biblioteca actual Ubicación en estantería Fecha de adquisición Fuente de adquisición Total de préstamos Signatura topográfica completa Código de barras Visto por última vez Precio de reemplazo Tipo de ítem Koha
        Biblioteca del Ateneo de Madrid Biblioteca del Ateneo de Madrid Depósito 2 17/01/2008     L-23589 1016579 23/02/2023 23/02/2023 Libro impreso